000 00255nam a2200097Ia 4500
001 708397
005 20251201100507.0
008 250824s9999 xx 000 0 und d
245 0 _aGÖLGELERİN EFENDİSİ 4
_cJOHN FLANAGAN
260 _bBEYAZ BALİNA YAYINLARI
999 _c708397
_d708397